Liberia : Joint Staff Advisory Note of the Poverty Reduction Strategy Paper.

Liberia's Poverty Reduction Strategy Paper highlights the civil war as the underlying cause of extreme poverty. A major challenge for the government is to attract more donor aid and private investment in the provision of infrastructure given its own limited budget and the constraints on borrowi...

Fuld beskrivelse

Bibliografiske detaljer
Institution som forfatter: International Monetary Fund
Format: Tidsskrift
Sprog:English
Udgivet: Washington, D.C. : International Monetary Fund, 2008.
Serier:IMF Staff Country Reports; Country Report ; No. 2008/289
Online adgang:Full text available on IMF
LEADER 01621cas a2200241 a 4500
001 AALejournalIMF005333
008 230101c9999 xx r poo 0 0eng d
020 |c 5.00 USD 
020 |z 9781451822991 
022 |a 1934-7685 
040 |a BD-DhAAL  |c BD-DhAAL 
110 2 |a International Monetary Fund. 
245 1 0 |a Liberia :   |b Joint Staff Advisory Note of the Poverty Reduction Strategy Paper. 
264 1 |a Washington, D.C. :  |b International Monetary Fund,  |c 2008. 
300 |a 1 online resource (11 pages) 
490 1 |a IMF Staff Country Reports 
500 |a <strong>Off-Campus Access:</strong> No User ID or Password Required 
500 |a <strong>On-Campus Access:</strong> No User ID or Password Required 
506 |a Electronic access restricted to authorized BRAC University faculty, staff and students 
520 3 |a Liberia's Poverty Reduction Strategy Paper highlights the civil war as the underlying cause of extreme poverty. A major challenge for the government is to attract more donor aid and private investment in the provision of infrastructure given its own limited budget and the constraints on borrowing. It is appropriate in the short to medium term to focus on supporting the restoration of traditional sources of growth, such as agriculture, forestry and mining, while establishing an environment that in the longer term will support economic diversification. 
538 |a Mode of access: Internet 
830 0 |a IMF Staff Country Reports; Country Report ;  |v No. 2008/289 
856 4 0 |z Full text available on IMF  |u http://elibrary.imf.org/view/journals/002/2008/289/002.2008.issue-289-en.xml  |z IMF e-Library